000
00345nam a2200133Ia 4500
008
151213s9999 xx 000 0 und d
100
_a
John Stainberg
245
_a
The Log From The Sea of Cortes
_c
John Stainberg
260
_a
London
_b
Panguing Books
_c
1951
300
_a
6519 p.
650
_a
English
700
_a
John Stainberg
999
_c
3608
_d
3608